Putting people first : sociological variables in rural development.

保存先:
書誌詳細
第一著者: Cernea, Michael M. (autor)
フォーマット: 図書
言語:英語
主題:
タグ: タグ追加
タグなし, このレコードへの初めてのタグを付けませんか!

MARC

LEADER 00000cam^a2200000uu^4500
001 000457817
005 20250521000000.0
008 050901s1985^^^^^^^^^^^^rd^r^^000^0^eng^d
009 20260310124052.632
035 |a FCE 000000260 
035 |a FCE 000261 
037 |a Acervo ITESO - Biblioteca 
041 |a eng 
082 0 4 |a 303.4  |b CERp 
100 |a Cernea, Michael M.  |e (autor) 
245 1 0 |a Putting people first :  |b sociological variables in rural development. 
264 |a Estados Unidos :  |b The World Bank,  |c 1985. 
300 |a 430 p. 
336 |a texto  |b txt  |2 rdacontenido 
337 |a sin mediación  |b n  |2 rdamedio 
338 |a volumen  |b nc  |2 rdasoporte 
649 |a XX 
650 |a Desarrollo rural 
650 |a Marginación 
650 |a Campesinos 
650 |a Pobreza 
650 |a Desarrollo agrícola 
650 |a Sociología Rural 
910 |a Fondo Centro de Estudios Educativos 
920 |a Impresos - Libros 
930 |a Fondos Especiales 
905 |a 133 
901 |a ALE000261  |b IT2  |c CEE  |u 20250521 
902 |a https://opac.biblio.iteso.mx/vufind/Record/000457817